书目信息 |
| 题名: |
当代世界社会主义概论
|
|
| 作者: | 高放 主编 | |
| 分册: | ||
| 出版信息: | 北京 中国人民大学出版社 1990.02 |
|
| 页数: | 527页 | |
| 开本: | 20cm | |
| 丛书名: | ||
| 单 册: | ||
| 中图分类: | D507 | |
| 科图分类: | ||
| 主题词: | 社会主义国家--政治 | |
| 电子资源: | ||
| ISBN: | 7-300-00722-8 | |
| 000 | 00565nam0 2200193 45 | |
| 001 | 0404211097 | |
| 005 | 20050627155500.0 | |
| 010 | @a7-300-00722-8@dCNY5.85 | |
| 100 | @a20040421d1990 km y0chiy0120 ea | |
| 101 | 0 | @achi |
| 105 | @a z 000yy | |
| 200 | 1 | @a当代世界社会主义概论@ADang Dai Shi Jie She Hui Zhu Yi Gai Lun@f高放主编@FGao Fang Zhu Bian |
| 210 | @a北京@c中国人民大学出版社@d1990.02 | |
| 215 | @a527页@d20cm | |
| 606 | 0 | @a社会主义国家@x政治 |
| 690 | @aD507@v3 | |
| 701 | 0 | @a高放@4主编 |
| 801 | @aCN@bPftUser@c20040421 | |
| 905 | @dD507@e51@f1@b231634 | |
| 当代世界社会主义概论/高放主编.-北京:中国人民大学出版社,1990.02 |
| 527页;20cm |
| ISBN 7-300-00722-8:CNY5.85 |
| ● |
| 相关链接 |
|
|
|
|
正题名:当代世界社会主义概论
索取号:D507/51
 
预约/预借
| 序号 | 登录号 | 条形码 | 馆藏地/架位号 | 状态 | 备注 |
| 1 | 0231633 | 000482668 | 密集书库/ [索取号:D507/51] | 在馆 | |
| 2 | 0231634 | 000482659 | 第一样本阅览室/ [索取号:D507/51] | 在馆 |